| 000 | 00414nam a22001697a 4500 | ||
|---|---|---|---|
| 005 | 20240902141226.0 | ||
| 008 | 240902b |||||||| |||| 00| 0 eng d | ||
| 020 | _a978-81-317-3456-8 | ||
| 041 | _aeng | ||
| 082 | _a160 SEN | ||
| 100 |
_aSEN, MADHUCCHANDA _98501 |
||
| 245 | _aAN INTRODUCTION TO CRITICAL THINKING | ||
| 260 |
_aUTTAR PRADESH _bPEARSON |
||
| 300 | _a106;P | ||
| 650 |
_aBMLT _98487 |
||
| 942 | _cBK | ||
| 999 |
_c8633 _d8631 |
||